LEADER 01190nam a2200241 u 4500 001 000000043999 003 CaOOAMICUS 005 20070226114512.0 008 990416s1920 it u000 u ita u 035 $a10820376 040 $aPUL(R)$bita 100 1 $aTripiccione, Luigi.$0(OLS)http://pul/name/32182 245 12$aL'actio rei uxoriae e l'actio ex stipulatu nella restituzione di dote secondo il diritto di Giustiniano :$bcontributo alla storia delle influenze orientali nel diritto romano /$cLuigi Tripiccione. 260 $aAncona :$bG. Bitelli,$c1920. 300 $a135 p. ;$c25 cm 504 $aBibliografia in nota. 650 4$aMatrimonio (diritto romano).$0(OLS)http://pul/subject/6655 850 $aPUL 852 $aPUL$W1$xDP2 Diritto e Scienze Sociali 1$y65$m187 A 11$j59268$nBK-PRI$qStampati$B59268$CPULBib$Z2$F59268 $82 941 1 $a8 961 $aEx libris: Evaristi Carusi. 996 $6245$aL'actio rei uxoriae e l'actio ex stipulatu nella restituzione di dote secondo il diritto di Giustiniano :$bcontributo alla storia delle influenze orientali nel diritto romano$9(OLS)http://pul/title/59368 996 $6260$aAncona :$bG. Bitelli$9(OLS)http://pul/publisher/65563 LEADER 01001nam a2200241 u 4500 001 000000104227 003 CaOOAMICUS 005 20070312141408.0 008 070309s2006 nyu u000 u eng u 020 $a0-521-53020-2 040 $aPUL$bita$dLDA 100 1 $aWalton, Douglas.$0(OLS)http://pul/name/63985 245 10$aFundamentals of critical argumentation /$c Douglas Walton. 260 $aCambridge :$bCambridge University Press,$cc2006. 300 $axvi,343 p. ;$c20 cm 650 04$aLogica.$0(OLS)http://pul/subject/441 650 04$aLogica$xTrattati.$0(OLS)http://pul/subject/21803 850 $aPUL 852 $aPUL$W1$xSL Filosofia 3$y81$m160 WALDO 1$j116613$qDDC 21$B116613$CPULBib$Z2$F116613 $H101204 $82 941 1 $a9 996 $6020$a0-521-53020-2$9(OLS)http://pul/number/133858 996 $6245$aFundamentals of critical argumentation$9(OLS)http://pul/title/131118 996 $6260$aCambridge :$bCambridge University Press$9(OLS)http://pul/publisher/50125